| 000 | 02749cam a22006494i 4500 | ||
|---|---|---|---|
| 003 | PE-LiUPU | ||
| 005 | 20250731180149.0 | ||
| 008 | 150706s2012 r 000 0 d | ||
| 020 | _a9789587612394 | ||
| 035 | _a(Sirsi) i9789587612394 | ||
| 040 |
_aPE-LiUPU _bspa _cPE-LiUPU _erda |
||
| 049 | _aPRUA | ||
| 082 | 0 | 4 |
_a515 _bC21 _221 |
| 082 | 0 | 4 |
_a515 _bC21 2012 _221 |
| 100 | 1 |
_aCaicedo Contreras, José Francisco, _d1939- , _eautor. |
|
| 245 | 1 | 0 |
_aCálculo avanzado : _bintroducción / _cJosé Francisco Caicedo Contreras. |
| 250 | _aPrimera edición. | ||
| 264 | 1 |
_aBogotá : _bUniversidad Nacional de Colombia, Departamento de Matemáticas y Estadística, _c2012. |
|
| 300 |
_axv, 408 páginas : _bilustraciones ; _c24 centímetros. |
||
| 336 |
_atext _2rdacontent |
||
| 337 |
_aunmediated _2rdamedia |
||
| 338 |
_avolume _2rdacarrier |
||
| 504 | _aIncluye referencias bibliográfícas. | ||
| 505 | 0 | _aEspacios vectoriales normados -- La diferencial como aplicación lineal -- Derivadas de orden superior -- Álgebras de Banach -- Desigualdad del valor medio -- Integración en espacios de Banach -- Teorema de Schwarz y Taylor -- Función inversa e implícita -- Máximos y mínimos. | |
| 526 | _aSEG44 | ||
| 526 | _aSEG26 | ||
| 526 | _aP159 | ||
| 526 | _aP155 | ||
| 526 | _aP154 | ||
| 526 | _aP153 | ||
| 526 | _aP150 | ||
| 526 | _aP100 | ||
| 526 | _aP31 | ||
| 526 | _aP30 | ||
| 526 | _aP26 | ||
| 526 | _aP25 | ||
| 526 | _aP24 | ||
| 526 | _aP22 | ||
| 526 | _aP15 | ||
| 526 | _aP10 | ||
| 541 | _g015-0015322; | ||
| 541 | _g043-0014567; | ||
| 650 | 0 | 4 |
_aCálculo _xEnseñanza. _95277 |
| 650 | 0 | 4 |
_aCálculo _xProblemas, ejercicios, etc. |
| 650 | 0 | 4 |
_aCálculo integral _xEnseñanza. |
| 650 | 0 | 4 |
_aCálculo diferencial _xEnseñanza. |
| 650 | 0 | 4 |
_aAnálisis matemático. _95276 |
| 910 |
_cbd _d20130522 |
||
| 910 |
_ajck _cjck _d201500831 |
||
| 942 |
_2ddc _cBOOK |
||
| 949 |
_a515 C21 _wDEWEY _c1 _i67222 _lCCODEBUL1 _mBUL _p46.00 _r0 _sY _tBOOK _u2015-7-6 _xINGENIERIA _zUNKNOWN _o.STAFF. Colección General |
||
| 949 |
_a515 C21 2012 _wDEWEY _c1 _iFJ00138 _lCCODEBUJ1 _mBUJ _p27.04 _r0 _sY _tBOOK _u2017-01-19 _xINGENIERÍA _PP25 _0COMPRA _o.STAFF. Colección General Juliaca |
||
| 994 |
_aC0 _bPEPRU |
||
| 596 | _a1 3 | ||
| 999 |
_a515 C21 _wDEWEY _c54811 _i67222 _d54811 _e2017-8-7 _f2021-11-9 _g7 _lCCODEBUL1 _mBUL _n1 _p46.00 _r0 _sY _tBOOK _u2015-7-6 _xINGENIERIA _zUNKNOWN _0COMPRA _o.STAFF. Colección General |
||
| 999 |
_a515 C21 2012 _wDEWEY _c1 _iFJ00138 _d2018-5-3 _e2017-10-30 _f2022-1-19 _g4 _lCCODEBUJ1 _mBUJ _n2 _p27.04 _q2 _r0 _sY _tBOOK _u2015-8-31 _xINGENIERIA _PP25 _0COMPRA _o.STAFF. Colección General Juliaca |
||
| 980 |
_81 _gALBERTO SANCHEZ Responsable de Automatización |
||